00928nam a22002297a 4500003000400000005001700004008004100021040002100062041000800083082002500091100004300116245006700159250002200226260003400248300009300282500005400375504003500429505015200464650002700616650002700643650002800670OSt20201223115251.0201223s2009 ck abo|gr|||| 00| 0 spa d0 aCO-JMCRcCO-JMCR0 aspa04a330.12 / bL789n2231 aLizarazo Moreno, Tania Milena, eautor14aDel nomadismo al capitalismo / cTania Milena Lizarazo Moreno  aPrimera edición aBogotá : bvoluntad, c2009 a96 páginas : bilustraciones, mapas, fotografías a color y blanco y negro ; c24 cm. aDatos biográficos del autor en tapa posterior.  aBibliografía : páginas 96. aEconomías primitivas -- Economías imperiales -- Economías feudales -- Economía industrial -- Economías capitalistas -- Economía global 24aSistemas económicos 24aEconómica primitiva 24aEconómica agrícola